00646nam a2200157Ia 4500008004100000082002200041100001500063245007500078260003500153365000600188630007500194730007500269942000900344999001900353952011600372100415s9999 xx 000 0 und d b5481a595.733(54) aFraser FC aThe Fauna of British India including Ceylon and Burma : Vol. I Odonata aLONDONc1933bTAYLOR & FRANCIS b0 aThe Fauna of British India including Ceylon and Burma : Vol. I Odonata aThe Fauna of British India including Ceylon and Burma : Vol. I Odonata cBOOK c588461d588458 00104070aBNHSbBNHSd1998-06-30g0.00l0o595.733(54) 5481pBNHS-5481r2010-04-15 00:00:00w2010-04-15yBOOK